000 00915nam a2200265 a 4500
001 BRCA_6044
005 20190320205318.0
008 170511s196?----enka######---#000-0#enk-#
041 _aeng
044 _aenk
050 4 _aNK4163
_b.C38 196?
245 1 0 _aA catalogue of oriental ceramics and works of art
_ccompiled by Solveig and Anita Gray.
260 _aLondres
_bSt Davies
_c[196?]
300 _a102 p.
_bil. (algunas a color)
_c29 cm.
500 _aIncluye cronología de las dinastías chinas y los títulos de reinado
500 _aDonación Dr. Héctor Rivero Borrell Vázquez.
650 1 4 _aPorcelana china
_vCatálogos
_915248
650 1 4 _aCerámica china
_vCatálogos
_915249
650 1 4 _aPorcelana
_vCatálogos
_zChina
_915250
650 1 4 _aObjetos de arte
_vCatálogos
_zEste de Asia
_915251
700 1 _aGray, Solveig
_915252
700 1 _aGray, Anita
_915253
902 _aDHR
942 _2lcc
_cB
999 _c5732
_d5732